00229nam a2200085Ia 450000100070000000500170000700800410002424500540006526000240011980606020250826171204.0250824s9999 xx 000 0 und d 0aVALİDE MEKTUPLARIcHALİD ZİYA UŞAKLIGİL bÖZGÜR YAYINLARI